Statistics for Boston Celtics NBA Champions

Click here to take the quiz!

General Stats

  • This quiz has been taken 139 times
  • The average score is 23 of 87

Answer Stats

TitlesPlayer% Correct
11Bill Russell
98%
3Larry Bird
96%
8John Havlicek
91%
3Kevin McHale
86%
6Bob Cousy
85%
1Kevin Garnett
85%
1Paul Pierce
85%
10Sam Jones
83%
1Johnny Jones
82%
8K.C. Jones
82%
3Robert Parish
82%
1Rajon Rondo
77%
1Ray Allen
76%
1Tony Allen
75%
1Kendrick Perkins
65%
2Dennis Johnson
63%
1Rich Johnson
63%
2Dave Cowens
62%
2Jo Jo White
61%
8Tom Heinsohn
55%
2Danny Ainge
52%
4Bill Sharman
50%
1Bill Walton
50%
2Cedric Maxwell
50%
1Glen Davis
42%
1Art Williams
38%
1Tiny Archibald
36%
8Tom Sanders
34%
1P.J. Brown
31%
5Don Nelson
27%
7Frank Ramsey
21%
2Paul Silas
20%
6Jim Loscutoff
18%
1Sam Cassell
16%
1Eddie House
15%
1James Posey
15%
2Bailey Howell
14%
1Chris Ford
13%
1Leon Powe
13%
1Charlie Scott
12%
2M.L. Carr
12%
2Gerald Henderson
11%
2Greg Kite
11%
1Paul Westphal
10%
2John Thompson
9%
1Rick Carlisle
9%
2Scott Wedman
9%
2Don Chaney
7%
1Jerome Anderson
7%
1Jerry Sichting
7%
5Larry Siegfried
7%
1Arnie Risen
6%
1Jim Ard
5%
1Rick Robey
5%
1Sam Vincent
5%
3Willie Naulls
5%
2Clyde Lovellette
4%
2Mel Counts
4%
1Carl Braun
3%
1Carlos Clark
3%
1Em Bryant
3%
1Quinn Buckner
3%
1Andy Phillip
2%
1Hank Finkel
2%
1Jack Nichols
2%
1Johnny McCarthy
2%
1Wayne Embry
2%
1Bennie Swain
1%
1Dan Swartz
1%
1Dick Hemric
1%
1Gary Phillips
1%
3Gene Conley
1%
2Gene Guarilia
1%
1Glenn McDonald
1%
1John Richter
1%
2Mal Graham
1%
1Rick Weitzman
1%
2Ron Bonham
1%
2Steve Kuberski
1%
1Terry Duerod
1%
1Tom Thacker
1%
1David Thirdkill
0%
1Eric Fernsten
0%
1Kevin Stacom
0%
1Phil Hankinson
0%
1Steve Downing
0%
1Tom Boswell
0%

Score Distribution

Percentile by Number Answered

Percent of People with Each Score

Your Score History

You have not taken this quiz